000 01008nam a2200301 a 4500
001 26134
003 CO-ViMGA
005 20230915232148.0
008 141112s2004 ck r 000 u spa d
020 _a8420712655
035 _aADC1141 LA
040 _aCO-ViMGA
_bspa
_cCO-ViMGA
041 _aspa eng
043 _ae - uk - en
082 0 4 _a823.8 D69e
100 1 _aDoyle, Arthur Conan, 1859 - 1930.
_940806
245 1 0 _aEstudio en escarlata /
_cA. Conan Doyle ; traducción A. Lázaro Ros ; presentación y apéndice Eduardo Torre - Dulce ; ilustración Enrique Flores
260 _aMadrid :
_bAnaya,
_c2000.
300 _a191 p. : il. ; 20 cm.
490 _aTus libros. Seleccion
504 _aIncluye bibliografía.
650 1 4 _aNovela inglesa.
700 1 _aLázaro Ros, Amando, tr.
_940807
942 _2ddc
_cBK
949 _an n
999 _c33354
_d33354